[Event "GBR-ch Major op 109th"]
[Site "Leicester"]
[Date "2023.07.28"]
[Round "7"]
[White "Gamage Ranasinghe, Yuman Ranjula"]
[Black "Gonzales, Ceferino"]
[Result "1/2-1/2"]
[WhiteElo "1100"]
[BlackElo "1493"]
[PlyCount "106"]
[EventDate "2023.07.22"]
[EventType "swiss"]
[EventRounds "9"]
[EventCountry "ENG"]
[SourceTitle "EXT 2024"]
[Source "ChessBase"]
[SourceDate "2023.10.10"]
[SourceVersion "1"]
[SourceVersionDate "2023.10.10"]
[SourceQuality "1"]

1. e4 c6 2. d4 d6 3. f4 Nf6 4. Nc3 Qa5 5. Bd2 Qc7 6. Nf3 g6 7. Bc4 b5 8. Bd3 Bg7 9. a3 0-0 10. Qe2 Bg4 11. h3 Bxf3 12. gxf3 e5 13. fxe5 dxe5 14. d5 a6 15. 0-0-0 c5 16. Qf2 b4 17. axb4 cxb4 18. Ne2 b3 19. c3 Nbd7 20. Be3 Nh5 21. d6 Qc6 22. Ng3 Nf4 23. Bxf4 exf4 24. Ne2 Rfc8 25. Nxf4 Bh6 26. Qh4 Kg7 27. Kb1 Qa4 28. Rhg1 Qa2+ 29. Kc1 Qa1+ 30. Bb1 Rxc3+ 31. Kd2 Qxb2+ 32. Ke1 Bxf4 33. Qxf4 Rc5 34. Rg5 Rac8 35. Rxc5 Rxc5 36. Qe3 a5 37. Qd4+ Qxd4 38. Rxd4 Rc1+ 39. Rd1 Rxd1+ 40. Kxd1 g5 41. Bd3 Kf8 42. Kc1 f6 43. Kb2 h6 44. Bc4 Nc5 45. Bxb3 Nxb3 46. Kxb3 Ke8 47. Ka4 Kd7 48. Kxa5 Kxd6 49. Kb5 Ke5 50. Kc5 Kf4 51. Kd5 Kxf3 52. Ke6 h5 53. Kxf6 g4 1/2-1/2

[Event "GBR-ch Major op 109th"]
[Site "Leicester"]
[Date "2023.07.24"]
[Round "3"]
[White "Graham, Danny"]
[Black "Gonzales, Ceferino"]
[Result "1-0"]
[WhiteElo "1715"]
[BlackElo "1493"]
[PlyCount "115"]
[EventDate "2023.07.22"]
[EventType "swiss"]
[EventRounds "9"]
[EventCountry "ENG"]
[SourceTitle "EXT 2024"]
[Source "ChessBase"]
[SourceDate "2023.10.10"]
[SourceVersion "1"]
[SourceVersionDate "2023.10.10"]
[SourceQuality "1"]

1. d4 Nf6 2. c4 d6 3. Bg5 Ne4 4. Bh4 c6 5. Nf3 g6 6. e3 Bg7 7. Bd3 Qa5+ 8. Nbd2 Nxd2 9. Qxd2 Qc7 10. 0-0 0-0 11. h3 e5 12. d5 f5 13. Be2 c5 14. Rab1 e4 15. Ne1 Nd7 16. Nc2 h6 17. b4 b6 18. Kh1 g5 19. Bg3 Nf6 20. Na3 a6 21. b5 a5 22. Qd1 Bd7 23. Nc2 Be8 24. a3 Bg6 25. Rb3 Rad8 26. Bh2 Qf7 27. g3 Nd7 28. Rb1 Be5 29. Rg1 Kh7 30. Qd2 Qf6 31. Rbf1 Bc3 32. Qd1 Ne5 33. Ne1 Rde8 34. Qc1 Nd7 35. Ng2 Be5 36. Qd1 Rf7 37. Qe1 Qe7 38. Qd1 Ref8 39. Qc1 Rf6 40. Qd2 R8f7 41. Qc1 Qf8 42. Qd2 f4 43. exf4 gxf4 44. Nxf4 Bxf4 45. gxf4 Rxf4 46. Bxf4 Rxf4 47. Qe3 Ne5 48. Rg2 Nf3 49. Rg4 Rxg4 50. hxg4 Qf6 51. Bxf3 exf3 52. g5 Qe5 53. Qxe5 dxe5 54. gxh6 e4 55. Re1 Kxh6 56. d6 Bf5 57. Rxe4 Kg5 58. Re5 1-0

[Event "Cambridge op"]
[Site "Cambridge"]
[Date "2023.02.18"]
[Round "8"]
[White "Gonzales, Ceferino"]
[Black "Patel, Zain"]
[Result "0-1"]
[WhiteElo "1509"]
[BlackElo "1890"]
[PlyCount "106"]
[EventDate "2023.02.15"]
[EventType "swiss"]
[EventRounds "9"]
[EventCountry "ENG"]
[SourceTitle "CBM 212 Extra"]
[Source "ChessBase"]
[SourceDate "2023.03.31"]
[SourceVersion "1"]
[SourceVersionDate "2023.03.31"]
[SourceQuality "1"]

1. c4 c6 2. d4 d5 3. Nf3 Nf6 4. Qc2 g6 5. e3 Bg7 6. Nbd2 Bf5 7. Bd3 Bxd3 8. Qxd3 Nbd7 9. b3 0-0 10. Bb2 c5 11. Ne5 dxc4 12. Ndxc4 Nxe5 13. Nxe5 cxd4 14. Qxd4 Nd7 15. Qxd7 Qxd7 16. Nxd7 Bxb2 17. Nxf8 Bxa1 18. Ke2 Be5 19. f4 Bd6 20. Nd7 f6 21. Rd1 Kf7 22. e4 Bxf4 23. Nc5 b6 24. Nd3 Bd6 25. Rc1 h5 26. g3 h4 27. Nf4 g5 28. Nd3 hxg3 29. e5 Ba3 30. Rh1 Rh8 31. h3 g2 32. Rg1 Rxh3 33. Rxg2 Bc5 34. b4 Bd4 35. exf6 exf6 36. b5 Re3+ 37. Kd2 Re7 38. Nb4 f5 39. Nc6 Rd7 40. Kc2 Bf6 41. Rh2 g4 42. Rh7+ Ke6 43. Rxd7 Kxd7 44. Kd3 a5 45. a4 Kd6 46. Ke3 Bg5+ 47. Kf2 Kd5 48. Nb8 Bd8 49. Nc6 Bc7 50. Ne7+ Kc4 51. Ke3 Kb3 52. Kd3 Kxa4 53. Kc4 g3 0-1

[Event "Cambridge op"]
[Site "Cambridge"]
[Date "2023.02.18"]
[Round "7"]
[White "Gonzales, Ceferino"]
[Black "Pride, Stephen C"]
[Result "1-0"]
[WhiteElo "1509"]
[BlackElo "1533"]
[PlyCount "60"]
[EventDate "2023.02.15"]
[EventType "swiss"]
[EventRounds "9"]
[EventCountry "ENG"]
[SourceTitle "CBM 212 Extra"]
[Source "ChessBase"]
[SourceDate "2023.03.31"]
[SourceVersion "1"]
[SourceVersionDate "2023.03.31"]
[SourceQuality "1"]

1. c4 g6 2. Nc3 Bg7 3. e4 d6 4. d4 e6 5. Bd3 Nd7 6. Nge2 Ne7 7. Be3 b6 8. Qd2 h6 9. f4 e5 10. fxe5 dxe5 11. d5 Bb7 12. Ng3 Nf6 13. h3 Qd7 14. Bc2 Kf8 15. 0-0 Kg8 16. b4 Rf8 17. Rad1 Kh7 18. Ba4 Qd8 19. c5 Ba6 20. b5 Bc8 21. Bb3 a5 22. Na4 Bd7 23. c6 Be8 24. d6 Nc8 25. d7 Bxd7 26. cxd7 Nd6 27. Qd3 Qxd7 28. Nxb6 cxb6 29. Qxd6 Qxb5 30. Qxb6 Qxb6 1-0

[Event "Cambridge op"]
[Site "Cambridge"]
[Date "2023.02.15"]
[Round "1"]
[White "Saunders, Aron"]
[Black "Gonzales, Ceferino"]
[Result "1-0"]
[WhiteElo "2109"]
[BlackElo "1509"]
[PlyCount "33"]
[EventDate "2023.02.15"]
[EventType "swiss"]
[EventRounds "9"]
[EventCountry "ENG"]
[SourceTitle "CBM 212 Extra"]
[Source "ChessBase"]
[SourceDate "2023.03.31"]
[SourceVersion "1"]
[SourceVersionDate "2023.03.31"]
[SourceQuality "1"]

1. e4 Nf6 2. e5 Nd5 3. d4 d6 4. c4 Nb6 5. f4 Bf5 6. Nc3 dxe5 7. fxe5 e6 8. Nf3 Be7 9. Be2 Bh4+ 10. g3 Be7 11. Be3 c6 12. 0-0 Bh3 13. Rf2 h5 14. Ne4 Bg4 15. Nfg5 Bxe2 16. Qxe2 Bxg5 17. Bxg5 1-0

[Event "Hammersmith CC op U2000"]
[Site "London"]
[Date "2022.06.04"]
[Round "2"]
[White "Gonzales, Ceferino"]
[Black "Rubeck, Jonathan"]
[Result "1/2-1/2"]
[WhiteElo "1737"]
[BlackElo "1919"]
[PlyCount "92"]
[EventDate "2022.06.04"]
[EventType "swiss"]
[EventRounds "5"]
[EventCountry "ENG"]
[SourceTitle "CBM 208 Extra"]
[Source "ChessBase"]
[SourceDate "2022.07.31"]
[SourceVersion "1"]
[SourceVersionDate "2022.07.31"]
[SourceQuality "1"]

1. d4 Nf6 2. c4 g6 3. Nc3 Bg7 4. e4 d6 5. Bd3 0-0 6. Nge2 Na6 7. 0-0 e5 8. d5 Nc5 9. Bc2 a5 10. f3 h6 11. Be3 b6 12. a3 Kh7 13. b4 Ncd7 14. Na4 Ng8 15. c5 Ba6 16. Bd3 Bxd3 17. Qxd3 Ne7 18. g4 g5 19. Ng3 bxc5 20. bxc5 Nf6 21. Rab1 Qc8 22. Rb3 Qa6 23. Qxa6 Rxa6 24. Rfb1 Ng6 25. Rb7 Rc8 26. Rc1 dxc5 27. Rxc5 Ne8 28. Nf5 Bf8 29. Rc3 Nf4 30. Kf2 Kg6 31. Bxf4 gxf4 32. Nc5 Rb6 33. Ra7 Rcb8 34. Nd7 Rb2+ 35. Kg1 Rb1+ 36. Kg2 R8b2+ 37. Kh3 Bd6 38. Ra8 Rh1 39. Nh4+ Kg5 40. Ng2 Nf6 41. Nxf6 Kxf6 42. Ra6 Ra1 43. Rxc7 Raa2 44. Rxd6+ Kg7 45. Rdd7 Rxg2 46. Rxf7+ Kg8 1/2-1/2